Ψυχική σύστασις, χαρακτήρ και αγωγή του Έλληνος
Αποθηκεύτηκε σε:
| Κύριος συγγραφέας: | |
|---|---|
| Μορφή: | Βιβλίο |
| Γλώσσα: | Greek |
| Δημοσίευση: |
Αθήναι :
Δημητράκος,
1949
|
| Θέματα: | |
| Ετικέτες: |
Προσθήκη ετικέτας
Δεν υπάρχουν, Καταχωρήστε ετικέτα πρώτοι!
|
MARC
| LEADER | 00000cam a2200000 i 4500 | ||
|---|---|---|---|
| 001 | 1/89664 | ||
| 008 | 080625s1949 gr | ||| |||| ||gre|| | ||
| 035 | |l 10098428 | ||
| 040 | |a GR-MY-UA |b gre |e aacr | ||
| 041 | 0 | |a gre | |
| 082 | 0 | |a 305.889 |2 (22) | |
| 100 | 1 | |a Καλλιάφας, Σπυρίδων Μ., |d 1885-1964. | |
| 245 | 1 | 0 | |a Ψυχική σύστασις, χαρακτήρ και αγωγή του Έλληνος / |c Σπυρ. Μ. Καλλιάφα |
| 260 | |a Αθήναι : |b Δημητράκος, |c 1949 | ||
| 300 | |a 40 εκ.; |c 24 εκ. | ||
| 500 | |a "Λόγος εναρκτήριος, εκφωνηθείς τη 13η Νοεμβρίου 1947 εν τη Μεγάλη Αιθούση των τελετών του Πανεπιστημίου Αθηνών" | ||
| 504 | |a Περιλαμβάνει βιβλιογραφίες | ||
| 650 | 0 | 0 | |a Human beings |x Philosophy. |
| 650 | 0 | 0 | |a Human beings |x Psychology. |
| 650 | 0 | 0 | |a Characters and characteristics. |
| 650 | 0 | 0 | |a Characters of groups. |
| 650 | 0 | 0 | |a Greeks |x Education. |
| 650 | 0 | 0 | |a Greeks. |
| 852 | |a INST |b RHODES |c AKA |e 20080625 |h 305.889 ΚΑΛ |p 005400028013 |q 005400028013 |t BK |y 0 | ||
| 901 | |a BIBL4-2008-2 | ||
| 909 | |a Ρ |b 150654 | ||
| 970 | |a ΧΑΡΙΟΠΟΛΙΤΟΥ |b ΚΩΝΣΤΑΝΤΙΝΑ |z 2008/06/25 | ||